000 01201naa a22003137a 4500
001 BR7100244
003 BR-BrBNA
005 20240918173419.0
007 ta
008 230509b bl.||||| |||| 00| 0 por d
040 _aBR-BrBNA
_bpor
_cBiblioteca Nacional de Agricultura
041 _a(Pt)
072 _aL72
_b5200
090 _aL72 BR7100244
100 1 _aGonzales, J.C.
100 1 _aSilva, N.R.S.
100 1 _aHoff, R.P.
111 1 _a1. Congresso da Sociedade de Veterinaria do Rio Grande do Sul
_cBage, RS (Brazil)
_dJul 1971
245 1 _aEstagio de vida livre do carrapato Boophilus microplus (Canestrini)[Praga de animal]
260 3 _aPorto Alegre, RS (Brasil):
_c1971.
500 _aTrabalhos apresentados no 1. Congresso da Sociedade de Veterinaria do Rio Grande do Sul Porto Alegre, RS (Brasil): 1971. p. 32-33 (BR7100244-AM)L72
650 _aPraga de animal
650 _aRuminante
650 _aCarrapato
650 _aParasito de animal
773 0 _tTrabalhos apresentados no 1. Congresso da Sociedade de Veterinaria do Rio Grande do Sul
_wL72 BR7100244
_gPorto Alegre, RS (Brasil), 1971. p. 32-33
909 _a202404
_bLucia
_c55
_dLucia Elande
942 _cAM
_2AGRIS
999 _c304466
_d304466